000
00241nam a2200097Ia 4500
008
190216s9999||||xx |||||||||||||| ||und||
100
_a
Dimand King Hel
245
0
_a
Shelley His Thought And Works
260
_b
Macmillan India Ltd
942
_c
BK
999
_c
12472
_d
12472